Investigación y educación por un ecosistema más sano /

Na minha lista:
Detalhes bibliográficos
Autor principal: Hernández, Carmen Nora
Outros Autores: Figueredo, Jesús
Formato: Texto
Assuntos:
Tags: Adicionar Tag
Sem tags, seja o primeiro a adicionar uma tag!

MARC

LEADER 00000 a a2200000 04500
001 2391
003
040
100 |a Hernández, Carmen Nora  
245 |a Investigación y educación por un ecosistema más sano /  |c Carmen Nora Hernández 
650 |a INVESTIGACION PARTICIPATIVA  
650 |a INVESTIGACION SOCIAL  
650 |a INVESTIGACION INTERDISCIPLINARIA  
650 |a EDUCACION AMBIENTAL  
650 |a PARTICIPACION SOCIAL  
650 |a SALUD DE LA COMUNIDAD  
700 |a Figueredo, Jesús  
773 |g número 28; páginas 50-64  
999 |c 27919  |d 27919